Available copies
- 1 of 1 copy available at LARL/NWRL Consortium. (Show)
- 1 of 1 copy available at Lake Agassiz Regional Library.
Current holds
0 current holds with 1 total copy.
Show All Copies
| Location | Call Number / Copy Notes | Barcode | Shelving Location | Status | Due Date |
|---|---|---|---|---|---|
| Moorhead Public Library | SHE (Text) | 33500014380091 | New | Available | - |
Record details
- ISBN: 9780316595858
- ISBN: 0316595853
- Physical Description: 280 pages ; 22 cm.
- Edition: First edition.
- Publisher: New York, NY : Little, Brown & Company 2026.
- Copyright: ©2026.
Content descriptions
| Summary, etc.: | "In a powerfully imagined Russia at the height of ... Read More "Yetta is a bright, quick teenage girl with a ... Read More |
Search for related items by subject
| Subject: | Jews > Russia > Fiction. Pogroms > Fiction. Daughters > Death > Fiction. Magic > Fiction. Resurrection > Fiction. Horror tales. Russia > History > Revolution, 1905-1907 > Fiction. Odesa (Ukraine) > Fiction. FICTION / Horror. |
| Genre: | Horror fiction. Horror fiction. Domestic fiction. Historical fiction. Novels. |
| LDR | 03205cam a2200565 i 4500 | ||
|---|---|---|---|
| 001 | 483935 | ||
| 003 | LARL_NWRL_CONSORTIUM | ||
| 005 | 20260520141812.0 | ||
| 008 | 260114t20262026nyu e 000 1 eng d | ||
| 040 | . | ‡aTOH ‡beng ‡erda ‡erda ‡cTOH ‡dHBP ‡dOCLCO ‡dGL4 ‡dOCLCO ‡dRNL ‡dOCO ‡dMLSOD ‡dCPF ‡dLF3 ‡dJQF ‡dYDX ‡dOCLCO | |
| 020 | . | ‡a9780316595858 ‡q(hardcover) | |
| 020 | . | ‡a0316595853 ‡q(hardcover) | |
| 035 | . | ‡a(OCoLC)1570603202 | |
| 082 | 0 | 4. | ‡a813/.6 ‡223/eng/20260515 |
| 100 | 1 | . | ‡aSher, Gabrielle, ‡eauthor. |
| 245 | 1 | 0. | ‡aOdessa / ‡cGabrielle Sher. |
| 250 | . | ‡aFirst edition. | |
| 264 | 1. | ‡aNew York, NY : ‡bLittle, Brown & Company ‡c2026. | |
| 264 | 4. | ‡c©2026. | |
| 300 | . | ‡a280 pages ; ‡c22 cm. | |
| 334 | . | ‡asingle unit ‡bmono ‡0http://id.loc.gov/vocabulary/issuance/mono | |
| 336 | . | ‡atext ‡btxt ‡2rdacontent ‡0http://id.loc.gov/vocabulary/contentTypes/txt | |
| 337 | . | ‡aunmediated ‡bn ‡2rdamedia ‡0http://id.loc.gov/vocabulary/mediaTypes/n | |
| 338 | . | ‡avolume ‡bnc ‡2rdacarrier ‡0http://id.loc.gov/vocabulary/carriers/nc | |
| 520 | . | ‡a"In a powerfully imagined Russia at the height of the pogroms, a grief-stricken family turn to ancient magic to bring their daughter back from the grave."--Amazon. | |
| 520 | . | ‡a"Yetta is a bright, quick teenage girl with a wild, searching spirit. Stifled by her mother's anxiety, her father's rules, and the path that's been laid out for her, she craves the kind of freedom she doesn't know the edges of. But her family has reason to be cautious and restrictive. Fear has wrapped itself around their shtetl. Jews are mysteriously disappearing, and there are whispers of an impending Gentile attack. When violence comes to their door, Yetta is killed. Her father, in his grief, fumbles through his nascent knowledge of ancient texts and old magic to bring her back. By some miracle, Yetta is returned--but although she looks the same, Yetta is not the girl she once was. She knows there is a secret her family is keeping from her. The answer resides, in part, in the monstrous being stalking the villagers and their enemies, lurking in the woods beyond the shtetl, something that may be of her father's making, and a being which has plans of its own." -- ‡cProvided by publisher. | |
| 650 | 0. | ‡aJews ‡zRussia ‡vFiction. ‡0(LARL_NWRL_CONSORTIUM)165769 | |
| 650 | 0. | ‡aPogroms ‡vFiction. | |
| 650 | 0. | ‡aDaughters ‡xDeath ‡vFiction. | |
| 650 | 0. | ‡aMagic ‡vFiction. ‡0(LARL_NWRL_CONSORTIUM)165984 | |
| 650 | 0. | ‡aResurrection ‡vFiction. | |
| 650 | 0. | ‡aHorror tales. ‡0(LARL_NWRL_CONSORTIUM)22375 | |
| 651 | 0. | ‡aRussia ‡xHistory ‡yRevolution, 1905-1907 ‡vFiction. | |
| 651 | 0. | ‡aOdesa (Ukraine) ‡vFiction. | |
| 650 | 7. | ‡aFICTION / Horror. ‡2bisacsh | |
| 655 | 0. | ‡aHorror fiction. | |
| 655 | 7. | ‡aHorror fiction. ‡2lcgft | |
| 655 | 7. | ‡aDomestic fiction. ‡2lcgft | |
| 655 | 7. | ‡aHistorical fiction. ‡2lcgft | |
| 655 | 7. | ‡aNovels. ‡2lcgft | |
| 936 | . | ‡aBATCHLOAD | |
| 901 | . | ‡a483935 ‡bOCoLC ‡c483935 ‡tbiblio ‡soclc | |

Add to basket
Permalink
Disable Highlighting